| 000 | 00550nam a2200181Ia 4500 | ||
|---|---|---|---|
| 003 | GCL | ||
| 008 | 140319s9999 xx 000 0 ara d | ||
| 040 |
_aGCL / _cGCL |
||
| 082 | 0 | 4 |
_a814.008 _bا ل |
| 100 | 1 | _aانيس منصور | |
| 245 | 1 | 0 |
_aلاحرب فى اكتوبر ولا سلام / _cانيس منصور |
| 300 | _a529 ص | ||
| 490 |
_aالهيئة العامة للاستعلامات _v0 |
||
| 650 | 0 | 4 | _aالادب العربى |
| 650 | 0 | 4 | _aالادب العربى - مقالات |
| 650 | 0 | 4 | _aانيس منصور |
| 942 |
_2ddc _cBK |
||
| 999 |
_c49799 _d49799 |
||